000 00551cam a2200217ua 4500
001 8186
005 20260515114313.0
008 150110n ii |||gr||||Z||||||hin
020 _a8186135057
040 _cMAIN
041 _ahin
082 _a891.434
100 _aShukla, A.,
_eEditor.
245 1 _aMuktibodh :
_bMuktikami chetnaki kavi /
_cEdited by Ajay Shukla .
250 _a1st.
260 _aVaranasi:
_bSanjay,
_c1994.
300 _a101p.
653 _aEast Indo-European & Celtic literatures
653 _aHindi essays
942 _cBK
999 _c7296
_d7296